NFL MVP clicky game - Statistics

General Stats
  • This quiz has been taken 111 times
    95 since last reset
  • The average score is 19 of 49
Answers on the Grid
Answers color-coded by a green-red scale on the quiz's grid according to % correct below.
Adrian Peterson
Alan Page
Barry Sanders
Bart Starr
Bert Jones
Andrew Luck
Bo Jackson
Boomer Esiason
Brett Favre
Aaron Rodgers
Brian Sipe
Cam Newton
Cooper Kupp
Dan Marino
Drew Brees
Earl Morrall
Eli Manning
Emmitt Smith
Jim Brown
Fran Tarkenton
Jerry Rice
Earl Campbell
Joe Flacco
Joe Montana
Joe Theismann
John Brodie
Jim Taylor
John Elway
Johnny Unitas
Ken Anderson
Kurt Warner
LaDainian Tomlinson
Lamar Jackson
Larry Brown
Ken Stabler
Lawrence Taylor
Marcus Allen
Mark Moseley
Marshall Faulk
Matt Ryan
O.J. Simpson
Patrick Mahomes
Paul Hornung
Peyton Manning
Philip Rivers
Randy Moss
Rich Gannon
Roman Gabriel
Russell Wilson
Shaun Alexander
Steve McNair
Steve Young
Terrell Davis
Terry Bradshaw
Thurman Thomas
Tom Brady
Travis Kelce
Walter Payton
Y.A. Tittle
Josh Allen
 
Answer Stats
Answer % Correct
Aaron Rodgers
81%
Brett Favre
81%
Adrian Peterson
76%
Barry Sanders
70%
Cam Newton
70%
Bart Starr
65%
Dan Marino
59%
Joe Montana
59%
Lamar Jackson
51%
Peyton Manning
51%
Tom Brady
51%
John Elway
46%
Josh Allen
46%
Patrick Mahomes
46%
Terry Bradshaw
43%
Johnny Unitas
41%
Steve Young
41%
Jim Brown
38%
LaDainian Tomlinson
38%
Walter Payton
38%
Alan Page
35%
Emmitt Smith
35%
Lawrence Taylor
35%
Matt Ryan
35%
Shaun Alexander
35%
Bert Jones
32%
Boomer Esiason
32%
Fran Tarkenton
32%
Joe Theismann
32%
Kurt Warner
32%
Marcus Allen
32%
O.J. Simpson
32%
Terrell Davis
32%
Earl Morrall
30%
Ken Anderson
30%
Ken Stabler
30%
Brian Sipe
27%
Earl Campbell
27%
Larry Brown
27%
Rich Gannon
27%
Thurman Thomas
27%
Y.A. Tittle
27%
Steve McNair
24%
Jim Taylor
22%
John Brodie
22%
Mark Moseley
22%
Marshall Faulk
22%
Paul Hornung
22%
Roman Gabriel
22%
No matching quizzes found
Score Distribution
Percent of People with Each Score
Percentile by Number Answered
Your Score History
You have not taken this quiz since the last reset